000 00643nam a2200241Ia 4500
003 OSt
005 20220926043216.0
006 a|||||r|||| 00| 0
007 ta
008 220923b |||||||| |||| 00| 0 eng d
037 _cGeneral Book
040 _aRTL
_cRTL
_beng
041 _2eng
_aeng
082 _aXN12::73:N3, G8
100 _aHuggles C O
_9347417
245 0 _aProblems in public utility economics and managemen
250 _a2
260 _c1938
490 _aHarvard Problem Books,1
650 _aPublic Utility
_9234512
942 _hXN12::73:N3, G8
_cGB
_2CC
999 _c671770
_d671770